Crea tus propios regalos (Registro nro. 5132)
[ vista simple ]
| 000 -Cabecera | |
|---|---|
| Campo de control de longitud fija | 00545nam a22002417a 4500 |
| 005 - Fecha y hora de la última transacción | |
| Campo de control | 20240509154414.0 |
| 008 - Elementos de longitud fija--Información general | |
| Campo de control de longitud fija | 150505b xxu||||| |||| 00| 0 spa d |
| 020 ## - International Standard Book Number | |
| Número Internacional Estándar del Libro (ISBN) | 9788466229418 |
| 041 ## - Idioma | |
| Código de idioma | Español |
| 082 ## - Clasificación Decimal Dewey | |
| Número de clasificación | 745.594.1 B189c |
| 100 ## - Entrada principal--Autor personal | |
| Nombre personal | Ballarín, María |
| 9 (RLIN) | 35108 |
| 245 ## - Título propiamente dicho | |
| Título | Crea tus propios regalos |
| 260 ## - Pie de imprenta | |
| Lugar de publicación, distribución, etc. | España |
| 260 ## - Pie de imprenta | |
| Nombre del editor, distribuidor, etc. | Libsa |
| 260 ## - Pie de imprenta | |
| Fecha de publicación, distribución, etc. | 2015 |
| 300 ## - Descripción física | |
| Extensión | 127 páginas |
| 650 ## - Materia general | |
| Temática (materia general) | MANUALIDADES |
| 650 ## - Materia general | |
| Temática (materia general) | REGALOS |
| 650 ## - Materia general | |
| Temática (materia general) | SCRAPBOOKING |
| 650 ## - Materia general | |
| Temática (materia general) | TELAS |
| 942 ## - Punto de acceso adicional KOHA | |
| Tipo de ítem KOHA | Libro |
| Fuente del sistema de clasificación o colocación | Dewey Decimal Classification |
| Signatura completa | Código de barras | Programa Académico | Tipo de ítem |
|---|---|---|---|
| 745.594.1 B189c | 19455 | Dirección de Educación Comunitaria y Asistencia Técnica | Libro |